LIBRARY ONLINE CATALOGUE

Frank Wood's business accounting : (Record no. 20387)

MARC details
000 -LEADER
fixed length control field 01043cam a22002892 4500
001 - CONTROL NUMBER
control field 0000023365
003 - CONTROL NUMBER IDENTIFIER
control field OSt
005 - DATE AND TIME OF LATEST TRANSACTION
control field 20231031152518.0
008 - FIXED-LENGTH DATA ELEMENTS--GENERAL INFORMATION
fixed length control field 121115s xx 000 0 eng d
020 ## - INTERNATIONAL STANDARD BOOK NUMBER
International Standard Book Number 1292365435
040 ## - CATALOGING SOURCE
Original cataloging agency KABU
Transcribing agency KABU
050 #0 - LIBRARY OF CONGRESS CALL NUMBER
Classification number HF5635
Item number .W66 2021
100 1# - MAIN ENTRY--PERSONAL NAME
Personal name Wood, Frank.
245 10 - TITLE STATEMENT
Title Frank Wood's business accounting :
Statement of responsibility, etc. an introduction to financial accounting /
Remainder of title Frank Wood
250 ## - EDITION STATEMENT
Edition statement 15th ed.
260 ## - PUBLICATION, DISTRIBUTION, ETC. (IMPRINT)
Place of publication, distribution, etc. Harlow, England :
Name of publisher, distributor, etc. Pearson
Date of publication, distribution, etc. 2021.
300 ## - PHYSICAL DESCRIPTION
Extent xxiii, 813p.
650 #0 - SUBJECT ADDED ENTRY--TOPICAL TERM
Topical term or geographic name as entry element Accounting.
700 1# - ADDED ENTRY--PERSONAL NAME
Personal name Sangster, Alan.
700 1# - ADDED ENTRY--PERSONAL NAME
Personal name Gordon, Lewis
908 ## - PUT COMMAND PARAMETER (RLIN)
Put command parameter 121115
942 ## - ADDED ENTRY ELEMENTS (KOHA)
Source of classification or shelving scheme Library of Congress Classification
Koha item type General Collection
Edition 15th ed.
Classification part HF5635
Item part .W66 2021
Holdings
Withdrawn status Lost status Source of classification or shelving scheme Not for loan Home library Current library Date acquired Cost, normal purchase price Total Checkouts Total Renewals Full call number Barcode Date last seen Date last checked out Price effective from Koha item type
    Library of Congress Classification   Kabarak, Main Campus Kabarak, Main Campus 31/10/2023 5603.00 1 1 HF5635 .W66 2021 c.1 34471 04/04/2024 02/03/2024 31/10/2023 General Collection